000
00299nam a2200109Ia 4500
999
_c
12526
_d
12526
082
_a
RR 016.309262 DEV
100
_a
Rajasthan Development Association
245
0
_a
Development and planning literature on Rajasthan : A bibliography
260
_a
n.p.
_b
n.p.
_c
1979
300
_a
91p.
942
_c
BK
_2
ddc